000 00347pab a2200145 454500
008 180718b1997 xxu||||| |||| 00| 0 eng d
100 _aMerchant, A.K.
245 _aThe challenge of establishing universal prosperity
260 _c1997
300 _ap.28-30
362 _aMar
650 _aPoverty
773 _aPolitics India
909 _a35887
999 _c35887
_d35887